000 01163cam a2200277 a 4500
001 000014211
003 DO-SdBNP
005 20250529110535.0
008 970410s1995 ve b 000 0 spa
020 _a9803251163
040 _aDO-SdBNP
_bspa
_cBNPHU
082 _a324.0987
_bC331c
100 1 _aCarvallo, Gastón.
_927719
245 1 0 _aClase dominante y democracia representativa en Venezuela /
_cGastón Carvallo ; compilación Josefina Ríos de Hernández y Ana Teresa Torres.
260 _aCaracas, Venezuela :
_bFondo Editorial Tropykos ;
_bCentro de Estudios del Desarrollo ;
_bUniversidad Central de Venezuela,
_c1995.
300 _a195 p. ;
_c21 cm.
490 1 _aJosé Agustín Silva Michelena
_v5
504 _aIncluye referencias bibliográfica y notas al pie de las páginas.
650 4 _aGobierno representativo
_zVenezuela
_932107
650 0 _aClase media
_zVenezuela
_xHistoria
_ySiglo XX
_92589
651 4 _aVenezuela
_xPolítica y gobierno,
_y1974-
_931368
700 1 _aRíos de Hernández, Josefina.
_930326
700 1 _aTorres, Ana Teresa,
_d1945-
_924420
830 0 _aJosé Agustín Silva Michelena ;
_v5
_932109
942 _2ddc
_cLBS1
999 _c13811
_d13811